意大利大区行政中心测试 - Statistics

General Stats
  • This quiz has been taken 22 times
  • The average score is 11 of 20
Answers on the Map
Answers color-coded by a green-red scale on the quiz's map according to % correct below.
 
Answer Stats
大区 人口 行政中心 % Correct
伦巴第 1,378,689 米兰
100%
皮埃蒙特 875,698 都灵
100%
威尼托 260,520 威尼斯
100%
拉齐奥 2,856,133 罗马
95%
坎帕尼亚 959,188 那不勒斯
95%
托斯卡纳 378,839 佛罗伦萨
89%
利古里亚 578,000 热那亚
79%
普利亚 320,862 巴里
74%
西西里 663,401 巴勒莫
68%
艾米利亚-罗马涅 390,636 博洛尼亚
68%
弗留利-威尼斯朱利亚 204,267 的里雅斯特
58%
撒丁 154,267 卡利亚里
53%
马尔凯 101,043 安科纳
26%
翁布里亚 165,956 佩鲁贾
16%
特伦蒂诺-上阿迪杰 118,288 特伦托
16%
瓦莱达奥斯塔 34,008 奥斯塔
11%
阿布鲁佐 69,478 拉奎拉
5%
巴西利卡塔 66,769 波坦察
5%
莫利塞 49,049 坎波巴索
5%
卡拉布里亚 89,065 卡坦扎罗
0%
No matching quizzes found
Score Distribution
Percent of People with Each Score
Percentile by Number Answered
Your Score History
You have not taken this quiz